|
|
|
|
| LEADER |
00602cam a2200193 7i4500 |
| 001 |
0000005575 |
| 005 |
20120529090000.0 |
| 020 |
|
|
|a 9780880115414
|
| 020 |
|
|
|a 0880115416 (pbk.)
|
| 050 |
0 |
0 |
|a GV1004 YAR 1997
|
| 090 |
0 |
0 |
|a GV1004
|b .Y37 1997
|
| 100 |
1 |
|
|a Yarrow, Philip
|
| 245 |
1 |
0 |
|a Squash :
|b steps to success
|c Philip Yarrow.
|
| 260 |
|
|
|a Champaign, Ill:
|b Human Kinetics,
|c 1997.
|
| 300 |
|
|
|a viii, 149 p.:
|b ill.;
|c 29 cm.
|
| 490 |
0 |
|
|a Steps to success
|
| 650 |
0 |
0 |
|a Squash rackets (Game)
|
| 998 |
0 |
0 |
|a Sport Management Industry, Diploma
|
| 999 |
|
|
|a 0000003915
|b BOK
|c OPEN SHELF
|e 1st Floor, Bestari Jaya
|